000 00755nam a2200253 a 4500
003 MX-MxUPN
005 20240926063700.0
008 991125s1913 fr 000 0 spa d
035 _aUPN01000007212
040 _aMX-MxUPN
_bspa
_cMX-MxUPN
041 _aspa
050 4 _aBT1037
_bT42 1913
100 1 _aThiel, Bernardo Augusto,
_d1850-1901
_953720
245 1 0 _aCatecismo de la doctrina cristiana
260 _aFriburgo de Brisgovia, A :
_bHerder,
_c1913.
300 _a323 páginas
490 0 _aBiblioteca para la enseñanza de la religión
610 2 0 _aIglesia Católica
_xCatecismos
_951437
610 2 0 _953706
_aIglesia Católica
_vCredos
902 _bMaríaRobles/250924
904 _aAC
_b007212
905 _aLibro
942 _2lcc
_cLIBRO
999 _c7212
_d7212